India, un pianeta / (Record no. 174614)

MARC details
000 -LEADER
campo de control de longitud fija 00785nam a2200253 4500
001 - NÚMERO DE CONTROL
campo de control 174614
003 - IDENTIFICADOR DE NÚMERO DE CONTROL
campo de control ES-MaACL
005 - FECHA Y HORA DE LA ÚLTIMA TRANSACCIÓN
campo de control 20230906215607.0
008 - DATOS DE LONGITUD FIJA--INFORMACIÓN GENERAL
campo de control de longitud fija 100511s1981 it fo |||| | ita d
020 ## - NÚMERO INTERNACIONAL ESTÁNDAR DEL LIBRO
Número Internacional Estándar del Libro 88-05-04942-5
080 ## - NÚMERO DE LA CLASIFICACIÓN DECIMAL UNIVERSAL
Número de la Clasificación Decimal Universal 913(540)
080 ## - NÚMERO DE LA CLASIFICACIÓN DECIMAL UNIVERSAL
Número de la Clasificación Decimal Universal 930.85(540)
100 1# - ENTRADA PRINCIPAL--NOMBRE DE PERSONA
Nombre de persona Quilici, Folco.
9 (RLIN) 94629
245 10 - MENCIÓN DEL TÍTULO
Título India, un pianeta /
Mención de responsabilidad, etc. Falco Quilici ; fotografie dell'autore.
250 ## - MENCION DE EDICION
Mención de edición 4ª ed.
260 ## - PUBLICACIÓN, DISTRIBUCIÓN, ETC.
Lugar de publicación, distribución, etc. Torino :
Nombre del editor, distribuidor, etc. Società Editrice Internazionale,
Fecha de publicación, distribución, etc. 1981.
300 ## - DESCRIPCIÓN FÍSICA
Extensión 413 p. :
Otras características físicas il., mapas, fot. col. ;
Dimensiones 23 cm.
500 ## - NOTA GENERAL
Nota general Índice de mapas: p. 10.
504 ## - NOTA DE BIBLIOGRAFÍA, ETC.
Nota de bibliografía, etc. Bibliografía: p. 411.
651 #4 - PUNTO DE ACCESO ADICIONAL DE MATERIA--NOMBRE GEOGRÁFICO
Nombre geográfico India-
Subdivisión general Descripción.
9 (RLIN) 8839
651 #4 - PUNTO DE ACCESO ADICIONAL DE MATERIA--NOMBRE GEOGRÁFICO
Nombre geográfico India-
Subdivisión general Civilización.
9 (RLIN) 8837
651 #4 - PUNTO DE ACCESO ADICIONAL DE MATERIA--NOMBRE GEOGRÁFICO
Nombre geográfico India-
Subdivisión de forma Obras ilustradas.
9 (RLIN) 173425
852 4# - LOCALIZACIÓN
Ubicación ES-MaACL
Número de control de estantería C-57212
Holdings
Estatus retirado Estado de pérdida Estado de daño No para préstamo Biblioteca de origen Biblioteca actual Ubicación en estantería Fecha de adquisición Fuente de adquisición Total de préstamos Signatura topográfica completa Código de barras Visto por última vez Precio de reemplazo Tipo de ítem Koha
        Biblioteca del Ateneo de Madrid Biblioteca del Ateneo de Madrid Depósito 2 11/05/2010     C-57212 1183309 23/02/2023 23/02/2023 Libro impreso